000 00638nam a2200241Ia 4500
005 20260430150443.0
008 008 250103s9999 xx 000 0 eng d
037 _aTheses
040 _aCRL
040 _beng
040 _ceng
041 _2eng
041 _aeng
084 _qCRL
100 _aPandey Vibhuti Au.; Rehman M.M. Gu.
_91237551
245 0 _aArt and Architecture of the Sakya Sachool of Buddhism in Uttarakhnad
260 _c2022
300 _a218p.
650 _aBuddhism
700 _aUniversity of Delhi. Faculty of Arts. Deptt. of Buddhist Studies
_91237552
942 _cTH
999 _c1849819
_d1849819